Notas sobre el estado militar en Guatemala
Sparad:
| Huvudupphovsman: | |
|---|---|
| Materialtyp: | Text |
| Publicerad: |
s.e:
s.e
|
| Taggar: |
Lägg till en tagg
Inga taggar, Lägg till första taggen!
|
MARC
| LEADER | 00000 a a2200000 04500 | ||
|---|---|---|---|
| 001 | 21510 | ||
| 003 | |||
| 040 | |||
| 090 | |a 095100 | ||
| 100 | |a Aguilera Peralta, Gabriel | ||
| 245 | |a Notas sobre el estado militar en Guatemala | ||
| 260 | |a s.e: |b s.e | ||
| 300 | |a 41 p. | ||
| 999 | |c 139 |d 139 | ||
